|
|
|
|
| LEADER |
01407nam a2200265 a 4500 |
| 001 |
GR-Patra29071 |
| 008 |
080723s2003 gr gz 000 0 gre d |
| 040 |
|
|
|a GrPaTEI
|b gre
|c GR-PaULI
|
| 040 |
|
|
|a GrPaTEI
|b gre
|c GR-PaULI
|
| 100 |
1 |
|
|a Κωλέτης, Παναγιώτης
|
| 245 |
1 |
0 |
|a Απορρίμματα-Χώροι υγειονομικής ταφής :
|b Χ.Υ.Τ.Α. Πάτρας (Ξερόλλακα) /
|c Κωλέτης Παναγιώτης, Χριστοδουλόπουλος Αναστάσιος ; Υπεύθυνη καθηγητής: Νταλκαράνη Θεοδώρα.
|
| 260 |
|
|
|a Πάτρα :
|b ΤΕΙ Πάτρας,
|c 2003
|
| 300 |
|
|
|a 221 σ. :
|b σχ.
|
| 504 |
|
|
|a Βιβλιογραφία: σ. 220-221
|
| 650 |
|
4 |
|a Απορρίματα
|x Υγειονομική ταφή
|z Πάτρα
|
| 650 |
|
4 |
|a Πτυχιακή εργασία
|y 2003
|
| 700 |
1 |
|
|a Νταλκαράνη, Θεοδώρα
|
| 700 |
1 |
|
|a Χριστοδουλόπουλο, Αναστάσιος
|
| 710 |
0 |
|
|a Σ.Τ.Ε.
|b Τμήμα Μηχανολογίας
|
| 710 |
0 |
|
|a ΤΕΙ Πάτρας
|
| 856 |
4 |
0 |
|u https://nereus.library.upatras.gr/formerpat/ptyxiakes/ste/ste_m/2001-2005/7062pe.pdf
|
| 942 |
|
|
|2 ddc
|
| 952 |
|
|
|0 0
|1 0
|2 ddc
|4 0
|7 1
|9 311437
|a LISK
|b LISK
|c BSC
|d 2021-01-17
|e 24
|f 0
|g 0.00
|l 0
|p 9241007062
|r 2021-01-17 00:00:00
|t 1
|w 2021-01-17
|y BKN
|x 20090427 0 0
|x GrPaTEI
|
| 971 |
|
|
|a .b26766437
|b 15-04-20
|c 26-09-16
|
| 999 |
|
|
|c 178831
|d 178831
|